[Event "AUTO-INT-1408"]
[Site "http://www.queenalice.com/game.php?id=633719"]
[Date "2009.8.9"]
[Round "1"]
[White "SGF"]
[Black "Ozimarjr"]
[Result "1-0"]
[WhiteElo "1670"]
[BlackElo "1356"]

1. e4 e5 2. Qf3 Qf6 3. d3 Bb4+ 4. c3 Ba5 5. Be2 Nh6 6. Bxh6 Qxf3 7. Nxf3 O-O 8.
Bd2 Re8 9. b4 Bb6 10. Na3 d6 11. Nb5 Re7 12. a4 Bg4 13. h3 Bh5 14. g4 Bg6 15. h4
c6 16. Nxd6 Na6 17. h5 Rd7 18. hxg6 Rxd6 19. gxh7+ Kf8 20. h8=Q+ Ke7 21. Qxa8
Bd8 22. Qxb7+ Rd7 23. Qxa6 Bb6 24. Nxe5 Rd8 25. Bg5+ f6 26. Nxc6+ Kd7 27. Qb7+
Ke8 28. Qe7# 1-0

[Event "AUTO-INT-1408"]
[Site "http://www.queenalice.com/game.php?id=633720"]
[Date "2009.8.9"]
[Round "1"]
[White "Ozimarjr"]
[Black "SGF"]
[Result "0-1"]
[WhiteElo "1363"]
[BlackElo "1626"]

1. e4 e5 2. Bb5 a6 3. Ba4 Qf6 4. Qf3 Be7 5. Nc3 c6 6. Qxf6 Nxf6 7. Nf3 Bb4 8.
Nxe5 O-O 9. O-O Bxc3 10. dxc3 Nxe4 11. Be3 b5 12. Bb3 Nd6 13. Rad1 Nf5 14. Bxf7+
Rxf7 15. Nxf7 Kxf7 16. Bg5 d5 17. Rfe1 Be6 18. Re5 h6 19. Bd8 Nd7 20. Rxf5+ Bxf5
21. Bh4 Re8 22. h3 Bxc2 23. Rc1 Re2 24. Kf1 Bd3 25. Kg1 Rxb2 26. Rd1 Nc5 27. Re1
Rb1 28. Rxb1 Bxb1 29. a3 Ne4 30. f3 Nxc3 31. f4 Ne2+ 32. Kf1 Nxf4 33. Bg3 Bd3+
34. Kf2 Nh5 35. Bh4 c5 36. g4 Nf6 37. Ke3 c4 38. Kd4 g5 39. Be1 h5 40. gxh5 Nxh5
41. Kxd5 Nf4+ 42. Kc5 Nxh3 43. Kb6 g4 44. Kxa6 b4 45. axb4 c3+ 46. b5 c2 47. Bd2
g3 48. Be3 g2 49. Ka5 g1=Q 50. Bxg1 Nxg1 51. Kb4 c1=Q 52. b6 Be4 53. Ka5 Qb1 54.
Ka6 Nf3 55. Ka7 Nd4 56. Ka6 Qa1# 0-1

[Event "AUTO-INT-1408"]
[Site "http://www.queenalice.com/game.php?id=633733"]
[Date "2009.8.9"]
[Round "1"]
[White "spectro"]
[Black "Ozimarjr"]
[Result "1-0"]
[WhiteElo "1759"]
[BlackElo "1329"]

1. e4 e5 2. Bc4 Bb4 3. c3 Ba5 4. b4 Bb6 5. Qf3 Qf6 6. Qxf6 Nxf6 7. Nf3 O-O 8.
Ng5 Ng4 9. f3 Bf2+ 10. Kf1 h6 11. fxg4 Bh4 12. Nf3 Nc6 13. Nxh4 Nd4 14. Na3 d6
15. Bd3 Bxg4 16. g3 a5 17. b5 a4 18. h3 Bh5 19. g4 Bxg4 20. hxg4 c6 21. cxd4
exd4 22. Bb2 cxb5 23. Nxb5 Rae8 24. Nxd6 Re6 25. Nxb7 Rb8 26. Bc4 Rf6+ 27. Nf5
Rxb7 28. Bxd4 Rc6 29. Ne7+ Kf8 30. Nxc6 Rd7 31. Bc5+ Ke8 32. d3 f6 33. Bb5 Rc7
34. Bxa4 Rc8 35. Na7+ Kd8 36. d4 Ra8 37. Rb1 g6 38. Bb6+ Ke7 39. Bc6 Rb8 40.
Bc5+ Kd8 41. Rxb8+ Kc7 42. Rc8# 1-0

[Event "AUTO-INT-1408"]
[Site "http://www.queenalice.com/game.php?id=633734"]
[Date "2009.8.9"]
[Round "1"]
[White "Ozimarjr"]
[Black "spectro"]
[Result "0-1"]
[WhiteElo "1367"]
[BlackElo "1562"]

1. d4 d5 2. Nc3 e6 3. Qd3 Nc6 4. Bf4 Nb4 5. Qb5+ c6 6. Qa4 b5 7. Nxb5 cxb5 8.
Qxb5+ Bd7 9. Qb7 Bc6 10. O-O-O Bxb7 11. e3 g5 12. Be5 Qc8 13. Bb5+ Ke7 14. f4
Qxc2# 0-1

[Event "AUTO-INT-1408"]
[Site "http://www.queenalice.com/game.php?id=633741"]
[Date "2009.8.9"]
[Round "1"]
[White "gasparzinho"]
[Black "Ozimarjr"]
[Result "1-0"]
[WhiteElo "1645"]
[BlackElo "1336"]

1. e4 e5 2. Qh5 g6 3. Qxe5+ Qe7 4. Qxh8 Qxe4+ 5. Ne2 Qxc2 6. Qxg8 Qc6 7. Qxh7
Qe4 8. f3 Qf5 9. Nd4 Qe5+ 10. Ne2 Qg7 11. Qxg7 Bxg7 12. g4 Bf6 13. d4 Bh4+ 14.
Kd1 a5 15. a4 Ra6 16. Nf4 Bg5 17. Bxa6 bxa6 18. Nd5 Bxc1 19. Kxc1 c6 20. Re1+
Kf8 21. Ne7 Bb7 22. Ra3 d6 23. Rb3 f5 24. Nxg6+ Kg7 25. gxf5 Bc8 26. Ne7 Nd7 27.
Nxc8 Nf6 28. Rg1+ Kf7 29. Nxd6+ Ke7 30. Nc4 Nd5 31. Ne5 Nf4 32. Rb7+ Kd6 33.
Rd7# 1-0

[Event "AUTO-INT-1408"]
[Site "http://www.queenalice.com/game.php?id=633742"]
[Date "2009.8.9"]
[Round "1"]
[White "Ozimarjr"]
[Black "gasparzinho"]
[Result "0-1"]
[WhiteElo "1332"]
[BlackElo "1649"]

1. d4 d5 2. Nc3 c6 3. Bg5 h6 4. Bh4 g5 5. Bg3 Nd7 6. Qd3 Ngf6 7. O-O-O a5 8. Qf5
e6 9. Qh3 Be7 10. Nf3 Nf8 11. Na4 e5 12. Nxe5 Bxh3 13. gxh3 Bd6 14. Rd3 b5 15.
Nc3 Ra6 16. h4 g4 17. f3 c5 18. dxc5 Bxc5 19. Nxb5 Qb6 20. Rb3 a4 21. Nd6+ Qxd6
22. Nxg4 Qc6 23. Rb8+ Ke7 24. e3 N6d7 25. Ne5 Qe6 26. Bxa6 Bxe3+ 27. Kd1 Nxb8
28. Bb7 Qb6 29. Bxd5 Qd4+ 30. Nd3 Nbd7 31. c3 Qxd3+ 32. Ke1 Qxd5 33. Ke2 Qd2+
34. Kf1 Rg8 35. Be1 Qg2# 0-1

[Event "AUTO-OPEN-1654"]
[Site "http://www.queenalice.com/game.php?id=634559"]
[Date "2009.8.11"]
[Round "1"]
[White "kiruba"]
[Black "Ozimarjr"]
[Result "1-0"]
[WhiteElo "1497"]
[BlackElo "1329"]

1. e4 Nf6 2. e5 Ne4 3. d3 Nxf2 4. Kxf2 e6 5. Nf3 Bc5+ 6. Be3 Bxe3+ 7. Kxe3 d5 8.
d4 O-O 9. Nc3 f5 10. Kd2 f4 11. Bd3 Nc6 12. Qe1 Nb4 13. a3 Nxd3 14. Kxd3 b6 15.
Rd1 Ba6+ 16. Kd2 Rf5 17. Kc1 c5 18. Qf2 cxd4 19. Nxd4 Rxe5 20. Nc6 Qd6 21. Nxe5
Qxe5 22. Qe1 Qf5 23. Rd4 Rc8 24. Qh4 Qe5 25. Qxf4 Qxf4+ 26. Rxf4 Rc5 27. Re1 Rc4
28. Rxe6 Rxf4 29. Re8+ Kf7 30. Ra8 Rf1+ 31. Kd2 Rf2+ 32. Ke3 Rxg2 33. Rxa7+ Kf6
34. Rxa6 Rxh2 35. Rxb6+ Ke5 36. Kd3 Rh3+ 37. Kd2 Rh2+ 38. Ne2 d4 39. a4 Rh3 40.
Rb5+ Ke4 41. a5 g5 42. Rxg5 h6 43. Rg4+ Kf3 44. Rxd4 Rh2 45. Rd3+ Kg2 46. a6 Rh5
47. Ra3 Rd5+ 48. Ke3 Rd7 49. a7 Re7+ 50. Kd2 Rd7+ 51. Kc1 Kf2 52. a8=Q Kxe2 53.
Qg2+ Ke1 54. Re3# 1-0

[Event "AUTO-OPEN-1654"]
[Site "http://www.queenalice.com/game.php?id=634560"]
[Date "2009.8.11"]
[Round "1"]
[White "Ozimarjr"]
[Black "kiruba"]
[Result "0-1"]
[WhiteElo "1367"]
[BlackElo "1198"]

1. e4 e5 2. Nf3 Nc6 3. Bc4 Nf6 4. Nxe5 Nxe5 5. Bb3 d5 6. Bxd5 Nxd5 7. exd5 Qxd5
8. O-O b6 9. Nc3 Qc6 10. Re1 Bb7 11. Rxe5+ Be7 12. Qe2 Qxg2# 0-1

[Event "AUTO-OPEN-1654"]
[Site "http://www.queenalice.com/game.php?id=634586"]
[Date "2009.8.11"]
[Round "1"]
[White "andrea9"]
[Black "Ozimarjr"]
[Result "0-1"]
[WhiteElo "1689"]
[BlackElo "1347"]

1. d4 d5 2. Nf3 Nc6 3. e3 Bg4 4. h3 Bh5 5. g4 Bg6 6. Bd3 Bxd3 7. Qxd3 Nf6 8.
Nbd2 Qd6 9. c3 Na5 10. Qb5+ Nd7 11. Qxa5 g5 12. Nxg5 b6 13. Qa6 Qg6 14. Ngf3 f5
15. g5 e6 16. Qb7 Rb8 17. Qxc7 Rc8 18. Qxc8+ Ke7 19. Qc7 Qe8 20. Ne5 Qd8 21.
Qxd8+ Kxd8 0-1

[Event "AUTO-OPEN-1654"]
[Site "http://www.queenalice.com/game.php?id=634587"]
[Date "2009.8.11"]
[Round "1"]
[White "Ozimarjr"]
[Black "Jorgecas"]
[Result "1-0"]
[WhiteElo "1396"]
[BlackElo "900"]

1. e4 Nf6 2. Bd3 d5 3. exd5 Qxd5 4. Nc3 Qxg2 5. Bb5+ c6 6. Qf3 Bh3 7. Qxh3 Qxh3
8. Nxh3 cxb5 9. Nxb5 a6 10. Nc7+ Kd8 11. Nxa8 e5 12. Rg1 Nfd7 13. Ng5 Ke7 14.
Nc7 h6 15. Nd5+ Kd6 16. Nxf7+ Ke6 17. Nxh8 Kxd5 18. Ng6 Bc5 19. Rg4 Nf6 20. Ne7+
Bxe7 21. c4+ Kc6 22. Rxg7 Bd6 23. Rg6 Nbd7 24. Rxh6 Kc5 25. b3 Ng4 26. Ba3+ Kc6
27. Rh8 e4 28. Rc8+ Kb6 29. Bxd6 Nxh2 30. Ke2 Nf6 31. Rc1 Nhg4 32. c5+ Kb5 33.
Rb8 Kc6 34. Rc8+ Kb5 35. Rb1 Kb4 36. c6+ Kb5 37. cxb7 1-0

[Event "AUTO-OPEN-1654"]
[Site "http://www.queenalice.com/game.php?id=634588"]
[Date "2009.8.11"]
[Round "1"]
[White "Jorgecas"]
[Black "Ozimarjr"]
[Result "1-0"]
[WhiteElo "900"]
[BlackElo "1367"]

1. e4 e5 2. Qh5 g6 3. Qxe5+ Ne7 4. Qxh8 d5 5. Qxh7 Bg4 6. f3 Bh5 7. c4 dxe4 8.
fxe4 Qd4 9. d3 Nec6 10. Nc3 Bb4 11. a3 Bxc3+ 12. bxc3 Qd7 13. Bg5 f6 14. Qh8+
Ke7 15. Qxf6+ Ke8 16. e5 Ne7 17. e6 Qd6 18. Qh8+ Ng8 19. Qxg8+ Qf8 20. Qh7 Qh6
21. Qe7# 1-0

[Event "Challenge"]
[Site "http://www.queenalice.com/game.php?id=635320"]
[Date "2009.8.12"]
[Round "-"]
[White "Wettkampf"]
[Black "Ozimarjr"]
[Result "0-1"]
[WhiteElo "1316"]
[BlackElo "1320"]

1. e4 e5 2. Qh5 Qf6 3. Qh3 Qf4 4. Bb5 Nf6 5. d3 Bb4+ 6. Nd2 O-O 7. c3 Bc5 8.
Ndf3 Nxe4 9. Bxf4 Bxf2+ 10. Kd1 d6 11. Bd7 Bxd7 12. g4 exf4 0-1

[Event "AUTO-BEG-324"]
[Site "http://www.queenalice.com/game.php?id=662068"]
[Date "2009.10.3"]
[Round "2"]
[White "gmsanti"]
[Black "Ozimarjr"]
[Result "1-0"]
[WhiteElo "2173"]
[BlackElo "1356"]

1. Nf3 Nf6 2. c4 c5 3. Nc3 Nc6 4. d4 b5 5. cxb5 Nb4 6. dxc5 a6 7. b6 Bb7 8. Nd4
Nfd5 9. Nxd5 Nxd5 10. e4 Nf4 11. Bxf4 Qc8 12. Qc2 a5 13. Bb5 g6 14. c6 dxc6 15.
Bxc6+ Bxc6 16. Qxc6+ Qxc6 17. Nxc6 Rc8 18. b7 e6 19. bxc8=Q# 1-0

[Event "AUTO-BEG-324"]
[Site "http://www.queenalice.com/game.php?id=662069"]
[Date "2009.10.3"]
[Round "2"]
[White "Ozimarjr"]
[Black "gmsanti"]
[Result "1-0"]
[WhiteElo "1398"]
[BlackElo "2040"]

1. e4 g6 2. b4 Bg7 3. c3 d5 4. Qa4+ c6 5. exd5 Qxd5 6. Qb3 Qe4+ 7. Ne2 Be6 8.
Qa4 Nd7 9. b5 Nc5 10. Qxe4 Nxe4 11. bxc6 bxc6 12. Ba3 Ngf6 13. f3 Nd6 14. Nf4
Bf5 15. Ba6 Kd7 16. O-O e5 17. Bxd6 Kxd6 18. Bc4 exf4 19. Na3 Nd5 20. d4 Nxc3
21. Bxf7 Bd3 22. Rfc1 Ne2+ 23. Kf2 Bxd4+ 24. Ke1 Nxc1 25. Rxc1 c5 26. Rd1 Rhe8+
27. Bxe8 Rxe8+ 28. Kd2 1-0

[Event "AUTO-BEG-324"]
[Site "http://www.queenalice.com/game.php?id=662076"]
[Date "2009.10.3"]
[Round "2"]
[White "Ozimarjr"]
[Black "alcemirctis"]
[Result "1-0"]
[WhiteElo "1377"]
[BlackElo "1496"]

1. e4 e5 2. Bc4 Nf6 3. Nf3 Nc6 4. Nc3 Bc5 5. Ng5 O-O 6. Bxf7+ Rxf7 7. O-O Rf8 8.
Nb5 Nxe4 9. Nxe4 Bb6 10. Qh5 d5 11. Ng5 h6 12. Nf3 a6 13. Qh4 axb5 14. Qxd8 Nxd8
15. Nxe5 Rf5 16. Ng6 Rf6 17. Ne7+ Kh7 18. Nxd5 Bd4 19. Nxf6+ Bxf6 20. d3 Be6 21.
Bf4 1-0

[Event "AUTO-BEG-324"]
[Site "http://www.queenalice.com/game.php?id=662077"]
[Date "2009.10.3"]
[Round "2"]
[White "alcemirctis"]
[Black "Ozimarjr"]
[Result "0-1"]
[WhiteElo "1475"]
[BlackElo "1428"]

1. e4 e5 2. Nf3 Nf6 3. Nxe5 Ke7 4. Bc4 Nxe4 5. Nxf7 Qe8 6. Nxh8 d6 7. O-O Bf5 8.
Re1 Kd8 9. Qf3 Nc5 10. Rxe8+ Kxe8 11. Qxf5 g6 12. Qf7+ Kd8 13. Qxf8+ Kd7 14.
Qg7+ Kc6 15. Nf7 Nbd7 16. b4 Re8 17. Kf1 Ne4 18. d4 Rf8 19. d5+ Kb6 20. Be3+ c5
0-1